[Event "Wch U20 Girls 39th"]
[Site "Mexico City"]
[Date "2023.09.24"]
[Round "5"]
[White "Demchenko, Svitlana"]
[Black "Yedigaryan, Asya"]
[Result "1-0"]
[WhiteElo "2169"]
[BlackElo "1786"]
[PlyCount "99"]
[EventDate "2023.09.21"]
[EventType "swiss"]
[EventRounds "11"]
[EventCountry "MEX"]
[SourceTitle "EXT 2024"]
[Source "ChessBase"]
[SourceDate "2023.10.10"]
[SourceVersion "1"]
[SourceVersionDate "2023.10.10"]
[SourceQuality "1"]

1. e4 c6 2. d4 d5 3. exd5 cxd5 4. c4 Nf6 5. Nc3 e6 6. Nf3 Be7 7. cxd5 Nxd5 8. Bd3 0-0 9. 0-0 b6 10. Re1 Bb7 11. a3 Nf6 12. Bg5 h6 13. Bh4 Nbd7 14. Bc2 Re8 15. Qd3 Nf8 16. Ne5 N6d7 17. Bg3 Nxe5 18. Bxe5 Bf6 19. Ba4 Bxe5 20. Bxe8 Ng6 21. Qe3 Bxh2+ 22. Kxh2 Qxe8 23. Rad1 Qb8+ 24. Qg3 Nf4 25. f3 h5 26. Ne2 Nxe2 27. Qxb8+ Rxb8 28. Rxe2 Rc8 29. Rdd2 Rc4 30. Rc2 Bd5 31. Rxc4 Bxc4 32. Rc2 b5 33. b3 Bxb3 34. Rc8+ Kh7 35. Ra8 Kg6 36. Rxa7 Kf6 37. Rc7 g6 38. Rc5 Ba4 39. Kg3 g5 40. f4 gxf4+ 41. Kh4 Ke7 42. Kxh5 Bd1+ 43. Kg5 Be2 44. Kxf4 Kd6 45. Kg5 f5 46. g3 Bd3 47. Kf6 Bf1 48. Rc8 Kd7 49. Rb8 Bc4 50. Rb6 1-0

[Event "Wch U20 Girls 39th"]
[Site "Mexico City"]
[Date "2023.09.22"]
[Round "3"]
[White "Obregon Garcia, Roxangel"]
[Black "Yedigaryan, Asya"]
[Result "1/2-1/2"]
[WhiteElo "2171"]
[BlackElo "1786"]
[PlyCount "90"]
[EventDate "2023.09.21"]
[EventType "swiss"]
[EventRounds "11"]
[EventCountry "MEX"]
[SourceTitle "EXT 2024"]
[Source "ChessBase"]
[SourceDate "2023.10.10"]
[SourceVersion "1"]
[SourceVersionDate "2023.10.10"]
[SourceQuality "1"]

1. e4 c6 2. d4 d5 3. f3 e6 4. Nc3 Bb4 5. Bd2 Ne7 6. h4 b6 7. a3 Bxc3 8. Bxc3 Ba6 9. Bxa6 Nxa6 10. Qd3 Qc8 11. 0-0-0 Qb7 12. Ne2 0-0-0 13. Be1 Kb8 14. Bg3+ Ka8 15. h5 h6 16. Bh4 Rd7 17. g4 c5 18. Bxe7 c4 19. Qd2 Rxe7 20. e5 b5 21. c3 Nb8 22. g5 a5 23. gxh6 gxh6 24. Qf4 b4 25. Kd2 bxc3+ 26. bxc3 Qb2+ 27. Ke3 Nc6 28. Qf6 Rh7 29. Rhg1 Qc2 30. Rb1 Ka7 31. Rb5 Rc7 32. Rgb1 Qa4 33. Rc5 Rb7 34. Rxb7+ Kxb7 35. f4 Qc2 36. f5 Qe4+ 37. Kd2 Qd3+ 38. Ke1 Qf3 39. a4 Qh1+ 40. Kf2 Qh2+ 41. Ke1 Qh1+ 42. Kd2 Qf3 43. Rb5+ Kc8 44. Rc5 Kb7 45. Rb5+ Kc8 1/2-1/2

[Event "Cheliabinsk Lozovatsky Memorial-B"]
[Site "Cheliabinsk"]
[Date "2023.02.01"]
[Round "6"]
[White "Kalashnikova, Elena"]
[Black "Yedigaryan, Asya"]
[Result "0-1"]
[WhiteElo "1635"]
[BlackElo "1859"]
[PlyCount "94"]
[EventDate "2023.01.27"]
[EventType "swiss"]
[EventRounds "10"]
[EventCountry "RUS"]
[SourceTitle "CBM 212 Extra"]
[Source "ChessBase"]
[SourceDate "2023.03.31"]
[SourceVersion "1"]
[SourceVersionDate "2023.03.31"]
[SourceQuality "1"]

1. d4 Nf6 2. c4 g6 3. Nf3 Bg7 4. g3 0-0 5. Bg2 c6 6. 0-0 d5 7. cxd5 cxd5 8. Nc3 Ne4 9. Qb3 Nxc3 10. Qxc3 Nc6 11. Qd2 Qb6 12. e3 Bf5 13. Nh4 Be6 14. b3 Rac8 15. Ba3 Bf6 16. Rfc1 a5 17. Bc5 Qd8 18. Bf1 g5 19. Ng2 Bf5 20. h4 gxh4 21. Nf4 Kh8 22. Bg2 Rg8 23. Nxd5 hxg3 24. f4 Bg7 25. Nb6 Rb8 26. a3 e6 27. Ra2 Qh4 28. Bf3 Bg4 29. Qg2 h5 30. Bxg4 Qxg4 31. Qe2 Qg6 32. Qc2 f5 33. Qg2 Rbd8 34. Qh3 Bf6 35. Nc4 h4 36. Nd2 Qh5 37. Nf1 g2 38. Nh2 Rg3 39. Qxg3 hxg3 40. Rxg2 gxh2+ 41. Rxh2 Rg8+ 42. Kh1 Bh4 43. Rf1 Rg4 44. b4 axb4 45. axb4 b5 46. Ra1 Rg7 47. Rh3 Qg4 0-1

[Event "Cheliabinsk Lozovatsky Memorial-B"]
[Site "Cheliabinsk"]
[Date "2023.01.30"]
[Round "4"]
[White "Volchkova, Alena"]
[Black "Yedigaryan, Asya"]
[Result "1/2-1/2"]
[WhiteElo "1769"]
[BlackElo "1859"]
[PlyCount "98"]
[EventDate "2023.01.27"]
[EventType "swiss"]
[EventRounds "10"]
[EventCountry "RUS"]
[SourceTitle "CBM 212 Extra"]
[Source "ChessBase"]
[SourceDate "2023.03.31"]
[SourceVersion "1"]
[SourceVersionDate "2023.03.31"]
[SourceQuality "1"]

1. e4 c6 2. d4 d5 3. e5 Bf5 4. Nf3 e6 5. Be2 Ne7 6. 0-0 Nd7 7. a4 h6 8. a5 a6 9. b4 g5 10. Ne1 Bg7 11. Nd3 Bg6 12. f4 Nf5 13. c3 Rg8 14. Bh5 Bxh5 15. Qxh5 gxf4 16. Nxf4 Qh4 17. Qxh4 Nxh4 18. g3 Nf5 19. Ra2 0-0-0 20. Nd2 Rde8 21. Nb3 f6 22. exf6 Bxf6 23. Re2 Ng7 24. Nd3 h5 25. Bf4 h4 26. Nbc5 hxg3 27. hxg3 Nf5 28. Nxd7 Kxd7 29. Nc5+ Kc8 30. Rxe6 Rxe6 31. Nxe6 Nxg3 32. Bxg3 Rxg3+ 33. Kh2 Rg6 34. Nf4 Rh6+ 35. Kg3 Be7 36. Kg4 Bd6 37. Nh5 Re6 38. Rf3 b6 39. axb6 Kb7 40. Kf5 Re1 41. Nf6 Kxb6 42. Nd7+ Kb5 43. Ne5 Bc7 44. Ke6 a5 45. bxa5 Bxa5 46. Kd6 Rc1 47. Nxc6 Rxc3 48. Rxc3 Bxc3 49. Kxd5 Bxd4 1/2-1/2

[Event "ARM-ch (Women) 78th"]
[Site "Yerevan"]
[Date "2023.01.17"]
[Round "5"]
[White "Yedigaryan, Asya"]
[Black "Kobak, Polina"]
[Result "1-0"]
[WhiteElo "1859"]
[BlackElo "1733"]
[PlyCount "69"]
[EventDate "2023.01.13"]
[EventType "tourn"]
[EventRounds "9"]
[EventCountry "ARM"]
[SourceTitle "CBM 212 Extra"]
[Source "ChessBase"]
[SourceDate "2023.03.31"]
[SourceVersion "1"]
[SourceVersionDate "2023.03.31"]
[SourceQuality "1"]

1. e4 c5 2. Nf3 e6 3. d4 cxd4 4. Nxd4 Nc6 5. Nc3 Qc7 6. Be3 a6 7. a3 Be7 8. f4 Nxd4 9. Qxd4 d6 10. 0-0-0 b5 11. g4 Bf6 12. e5 dxe5 13. Nxb5 exd4 14. Nxc7+ Ke7 15. Nxa8 Bb7 16. Bxd4 Bxd4 17. Rxd4 Bxh1 18. Nb6 Nf6 19. g5 Nd5 20. Nxd5+ Bxd5 21. Bxa6 h6 22. c4 Bc6 23. h4 hxg5 24. hxg5 f6 25. Bb5 e5 26. gxf6+ gxf6 27. fxe5 fxe5 28. Rd3 Rh1+ 29. Rd1 Rh4 30. Re1 Kd6 31. c5+ Kxc5 32. Bxc6 Kxc6 33. Rxe5 Rh2 34. Kb1 Rg2 35. a4 1-0

[Event "ARM-ch (Women) 78th"]
[Site "Yerevan"]
[Date "2023.01.13"]
[Round "1"]
[White "Gevorgyan, Maria"]
[Black "Yedigaryan, Asya"]
[Result "1-0"]
[WhiteElo "2269"]
[BlackElo "1859"]
[PlyCount "81"]
[EventDate "2023.01.13"]
[EventType "tourn"]
[EventRounds "9"]
[EventCountry "ARM"]
[SourceTitle "CBM 212 Extra"]
[Source "ChessBase"]
[SourceDate "2023.03.31"]
[SourceVersion "1"]
[SourceVersionDate "2023.03.31"]
[SourceQuality "1"]

1. d4 Nf6 2. Nf3 e6 3. Bf4 d5 4. e3 c5 5. c3 Nc6 6. Nbd2 Bd6 7. Bd3 0-0 8. Ne5 Qc7 9. Ndf3 Ne4 10. Qc2 cxd4 11. Nxc6 bxc6 12. Bxd6 Qxd6 13. exd4 Nf6 14. b4 a5 15. a3 Ba6 16. 0-0 Bxd3 17. Qxd3 Ra7 18. Rfb1 Rfa8 19. h3 h6 20. Nd2 Ne4 21. Nxe4 dxe4 22. Qe3 Qd5 23. a4 axb4 24. Rxb4 e5 25. dxe5 Rxa4 26. Raxa4 Rxa4 27. Rb8+ Kh7 28. Qf4 Qe6 29. Rf8 Kg6 30. h4 Ra1+ 31. Kh2 Qf5 32. Rxf7 Qxf4+ 33. Rxf4 Kh7 34. e6 Ra7 35. Rxe4 Re7 36. f4 Kg6 37. g4 h5 38. Kg3 hxg4 39. Kxg4 Kf6 40. h5 Re8 41. e7 1-0

[Event "Cheliabinsk Panchenko Memorial op-B"]
[Site "Cheliabinsk"]
[Date "2022.09.12"]
[Round "1"]
[White "Yedigaryan, Asya"]
[Black "Smirnova, Ekaterina"]
[Result "1/2-1/2"]
[WhiteElo "1879"]
[BlackElo "2227"]
[PlyCount "92"]
[EventDate "2022.09.12"]
[EventType "swiss"]
[EventRounds "10"]
[EventCountry "RUS"]
[SourceTitle "CBM 210 Extra"]
[Source "ChessBase"]
[SourceDate "2022.11.30"]
[SourceVersion "1"]
[SourceVersionDate "2022.11.30"]
[SourceQuality "1"]

1. e4 e5 2. Nc3 Nf6 3. Bc4 Bc5 4. f4 d6 5. Nf3 0-0 6. d3 Ng4 7. Qe2 exf4 8. Bxf4 Nc6 9. Rf1 Nge5 10. 0-0-0 Nxc4 11. dxc4 f6 12. h3 Be6 13. Nd5 Ne5 14. Nxe5 fxe5 15. Be3 Bxe3+ 16. Nxe3 Qh4 17. Nd5 Bxd5 18. cxd5 Rf4 19. Rxf4 Qxf4+ 20. Kb1 Rf8 21. a3 Qf2 22. Qg4 h6 23. Rd3 Rf4 24. Qc8+ Kh7 25. Qxb7 Rxe4 26. Qxc7 Re1+ 27. Ka2 e4 28. Rb3 Qxg2 29. Qc8 e3 30. Rb8 Qxd5+ 31. c4 Qf7 32. Qg4 d5 33. Qd4 e2 34. Qd3+ Qg6 35. Rh8+ Kxh8 36. Qxg6 Ra1+ 37. Kxa1 e1Q+ 38. Ka2 dxc4 39. Qf7 Qe2 40. Qf8+ Kh7 41. Qf5+ Kg8 42. Qd5+ Kh8 43. Qf7 Qc2 44. Qxa7 Qb3+ 45. Ka1 Qd1+ 46. Ka2 Qb3+ 1/2-1/2

[Event "ARM-ch HL (Women) 77th"]
[Site "Yerevan"]
[Date "2022.01.17"]
[Round "6"]
[White "Khachatryan, Veronika"]
[Black "Yedigaryan, Asya"]
[Result "1-0"]
[WhiteElo "2007"]
[BlackElo "2022"]
[PlyCount "133"]
[EventDate "2022.01.12"]
[EventType "tourn"]
[EventRounds "9"]
[EventCountry "ARM"]
[SourceTitle "CBM 206 Extra"]
[Source "ChessBase"]
[SourceDate "2022.03.31"]
[SourceVersion "1"]
[SourceVersionDate "2022.03.31"]
[SourceQuality "1"]

1. d4 Nf6 2. Nf3 e6 3. Bf4 c5 4. e3 d5 5. Nbd2 Nc6 6. c3 Bd6 7. Bg3 0-0 8. Bb5 Ne7 9. Bd3 cxd4 10. exd4 Nf5 11. Bxf5 exf5 12. Bxd6 Qxd6 13. 0-0 Be6 14. Ne5 Rfc8 15. Nd3 b6 16. Re1 Re8 17. Nf1 Re7 18. f3 Rae8 19. Qd2 Nh5 20. Qg5 g6 21. g4 f6 22. Qh4 fxg4 23. fxg4 Nf4 24. Qg3 g5 25. Nxf4 gxf4 26. Qf3 Rg7 27. h3 h5 28. Nh2 f5 29. g5 Rxg5+ 30. Kh1 Bf7 31. Rxe8+ Bxe8 32. Rf1 Bb5 33. Qxf4 Qxf4 34. Rxf4 Bd3 35. Nf3 Rg7 36. Kh2 Be4 37. h4 b5 38. Ng5 Bb1 39. Rf1 Bd3 40. Re1 Be4 41. Kg3 b4 42. Kf4 bxc3 43. bxc3 Rc7 44. Rg1 Kh8 45. Ke5 Rxc3 46. Kf6 Rc6+ 47. Ne6 f4 48. Kf7 Rxe6 49. Kxe6 f3 50. Rf1 Kg7 51. Ke5 Kf7 52. Kf4 Kf6 53. Ke3 a5 54. Rg1 a4 55. a3 Ke6 56. Rg5 Kd6 57. Rxh5 Kc6 58. Rh6+ Kb5 59. Re6 Kc4 60. h5 Bb1 61. h6 f2 62. Kxf2 Kxd4 63. Re7 Kc4 64. h7 Bxh7 65. Rxh7 d4 66. Rh3 d3 67. Ke1 1-0

[Event "EU-ch Online U16 Girls"]
[Site "Tornelo INT"]
[Date "2020.09.20"]
[Round "9"]
[White "Duran, Esma Doga"]
[Black "Yedigaryan, Asya"]
[Result "0-1"]
[WhiteElo "1520"]
[BlackElo "1696"]
[PlyCount "76"]
[EventDate "2020.09.18"]
[EventType "swiss (rapid)"]
[EventRounds "9"]
[EventCountry "NET"]
[SourceTitle "EXT 2023"]
[Source "ChessBase"]
[SourceDate "2022.10.05"]
[SourceVersion "1"]
[SourceVersionDate "2022.10.05"]
[SourceQuality "1"]
[WhiteTeam "Turkey"]
[BlackTeam "Armenia"]
[WhiteTeamCountry "TUR"]
[BlackTeamCountry "ARM"]

1. d4 Nf6 2. c4 g6 3. Nf3 Bg7 4. g3 0-0 5. Bg2 d5 6. 0-0 c6 7. b3 Bf5 8. Bb2 Nbd7 9. Nbd2 Ne4 10. Nh4 Nxd2 11. Qxd2 Be6 12. Rac1 Nf6 13. f3 h6 14. e4 g5 15. Nf5 Bxf5 16. exf5 Qd7 17. g4 Rfd8 18. c5 e6 19. f4 gxf4 20. Qxf4 exf5 21. g5 hxg5 22. Qxg5 Nh7 23. Qf4 Qe6 24. Rce1 Qf6 25. Re5 Qh6 26. Qxf5 Bxe5 27. Qxf7+ Kh8 28. dxe5 d4 29. e6 Qe3+ 30. Kh1 Rf8 31. Rf3 Qe1+ 32. Rf1 Qxf1+ 33. Bxf1 Rxf7 34. exf7 Kg7 35. Bc4 Rd8 36. h4 Kf8 37. Kg2 d3 38. h5 d2 0-1

[Event "EU-ch U16 Girls"]
[Site "Bratislava"]
[Date "2019.08.09"]
[Round "8"]
[White "Yedigaryan, Asya"]
[Black "Hryzlova, Sofiia"]
[Result "0-1"]
[WhiteElo "1602"]
[BlackElo "1928"]
[PlyCount "104"]
[EventDate "2019.08.02"]
[EventType "swiss"]
[EventRounds "9"]
[EventCountry "SVK"]
[SourceTitle "CBM 191 Extra"]
[Source "ChessBase"]
[SourceDate "2019.09.30"]
[SourceVersion "1"]
[SourceVersionDate "2019.09.30"]
[SourceQuality "1"]

1. g3 g6 2. Bg2 Bg7 3. e4 c5 4. d3 Nc6 5. f4 d6 6. Nf3 e5 7. 0-0 Nge7 8. c3 0-0 9. Be3 b6 10. Na3 Ba6 11. f5 gxf5 12. Ng5 f4 13. gxf4 exf4 14. Bxf4 h6 15. Nh3 Ng6 16. Bg3 Nce5 17. Nf2 Qg5 18. Nc2 Nf4 19. Bxf4 Qxf4 20. Nh3 Qg4 21. Qxg4 Nxg4 22. Rad1 Ne5 23. Nf2 Ng6 24. Ng4 Rae8 25. Nce3 Ne5 26. Nxe5 Bxe5 27. Nd5 Bc8 28. Rd2 Be6 29. Rdf2 Bxd5 30. exd5 b5 31. Bh3 b4 32. Rg2+ Kh8 33. c4 Bd4+ 34. Kh1 Re3 35. Bf5 Rg8 36. Rc2 Rf3 37. Rcc1 Rxf1+ 38. Rxf1 Bxb2 39. Be4 Bd4 40. Bg2 Kg7 41. Re1 Kf6 42. Bf3 Be5 43. Rf1 Ke7 44. Bd1 Bd4 45. Bh5 Rg7 46. h3 a6 47. Kh2 Be5+ 48. Kh1 Kf8 49. Rf3 a5 50. Rf1 Bd4 51. Kh2 a4 52. Bd1 b3 0-1

[Event "EU-ch U16 Girls"]
[Site "Bratislava"]
[Date "2019.08.08"]
[Round "7"]
[White "Marcinczyk, Monika"]
[Black "Yedigaryan, Asya"]
[Result "0-1"]
[WhiteElo "1952"]
[BlackElo "1602"]
[PlyCount "98"]
[EventDate "2019.08.02"]
[EventType "swiss"]
[EventRounds "9"]
[EventCountry "SVK"]
[SourceTitle "CBM 191 Extra"]
[Source "ChessBase"]
[SourceDate "2019.09.30"]
[SourceVersion "1"]
[SourceVersionDate "2019.09.30"]
[SourceQuality "1"]

1. e4 c6 2. d4 d5 3. exd5 cxd5 4. Bd3 Nc6 5. c3 Qc7 6. Ne2 Bg4 7. 0-0 e6 8. Qe1 Be7 9. Bf4 Qb6 10. b3 Nf6 11. Ng3 Nh5 12. Nxh5 Bxh5 13. Nd2 0-0 14. Qe3 Bg6 15. Bxg6 hxg6 16. Nf3 Rac8 17. h4 Ba3 18. Rab1 Be7 19. c4 Qd8 20. c5 Bxh4 21. g4 Be7 22. b4 Qd7 23. b5 Nd8 24. Ne5 Qe8 25. Kg2 f6 26. Nd3 g5 27. Bh2 Qg6 28. Rbe1 Qe8 29. a4 a6 30. Rb1 axb5 31. axb5 Qd7 32. Qh3 Nf7 33. f4 g6 34. Rfe1 Kg7 35. Nf2 gxf4 36. Bxf4 e5 37. dxe5 fxe5 38. Bxe5+ Nxe5 39. Rxe5 Bf6 40. Re2 Rxc5 41. Rh1 Kg8 42. Re6 Rc3 43. Nd3 Rc2+ 44. Nf2 Rxf2+ 45. Kxf2 Bh4+ 46. Kg1 Qxe6 47. Qxh4 Qe3+ 48. Kg2 Qe2+ 49. Kg3 Rf3# 0-1

[Event "Wch U14 Girls"]
[Site "Porto Carras"]
[Date "2018.10.23"]
[Round "5"]
[White "Yedigaryan, Asya"]
[Black "Lomaia, Diana"]
[Result "1/2-1/2"]
[WhiteElo "1726"]
[BlackElo "1876"]
[PlyCount "103"]
[EventDate "2018.10.20"]
[EventType "swiss"]
[EventRounds "11"]
[EventCountry "GRE"]
[SourceTitle "CBM 187 Extra"]
[Source "ChessBase"]
[SourceDate "2018.11.04"]
[SourceVersion "1"]
[SourceVersionDate "2018.11.04"]
[SourceQuality "1"]

1. d4 Nf6 2. Nc3 g6 3. e4 d6 4. Be2 Bg7 5. h4 h5 6. Nf3 0-0 7. Bg5 c6 8. Qd2 Qc7 9. 0-0-0 b5 10. e5 Ng4 11. exd6 exd6 12. Bd3 Nd7 13. Ne4 Ndf6 14. Nxf6+ Nxf6 15. Bh6 Bg4 16. Bxg7 Kxg7 17. Rde1 Rfe8 18. Ng5 Qd7 19. f3 Bf5 20. Bxf5 Qxf5 21. Reg1 Qd5 22. Kb1 Qc4 23. Re1 c5 24. dxc5 dxc5 25. b3 Qd5 26. Qc3 b4 27. Qb2 Rad8 28. Ne4 Qe5 29. Qxe5 Rxe5 30. Nxf6 Kxf6 31. Rxe5 Kxe5 32. Re1+ Kf4 33. Re7 Rf8 34. Rxa7 Kg3 35. Rc7 Kxg2 36. Rxc5 Kxf3 37. c3 bxc3 38. Rxc3+ Ke4 39. b4 Kd4 40. Kb2 f5 41. Rf3 f4 42. Kb3 Ke4 43. Rf1 f3 44. b5 Kd5 45. Kb4 f2 46. a4 Rf4+ 47. Ka5 Kc5 48. Rc1+ Kd5 49. Rf1 Kc5 50. Rc1+ Kd5 51. Rd1+ Kc5 52. Rc1+ 1/2-1/2

[Event "Wch U14 Girls"]
[Site "Porto Carras"]
[Date "2018.10.20"]
[Round "1"]
[White "Galvan Cipriani, Viviana"]
[Black "Yedigaryan, Asya"]
[Result "1-0"]
[WhiteElo "2109"]
[BlackElo "1726"]
[PlyCount "61"]
[EventDate "2018.10.20"]
[EventType "swiss"]
[EventRounds "11"]
[EventCountry "GRE"]
[SourceTitle "CBM 187 Extra"]
[Source "ChessBase"]
[SourceDate "2018.11.04"]
[SourceVersion "1"]
[SourceVersionDate "2018.11.04"]
[SourceQuality "1"]

1. c4 e5 2. Nc3 c5 3. g3 Nc6 4. Bg2 g6 5. e3 Bg7 6. Nge2 Nge7 7. a3 0-0 8. 0-0 d6 9. Rb1 f5 10. d3 g5 11. f4 gxf4 12. exf4 a5 13. Be3 Rb8 14. fxe5 Nxe5 15. b4 Ng4 16. Bd2 cxb4 17. axb4 Nc6 18. h3 Nge5 19. bxa5 Nxa5 20. Nb5 Nac6 21. Nf4 Ng6 22. Nh5 Be5 23. Bd5+ Kh8 24. Bh6 Re8 25. d4 Bf6 26. g4 Rg8 27. Bxg8 Kxg8 28. gxf5 Nh4 29. Qg4+ Kf7 30. Nxf6 Qxf6 31. Bg5 1-0

[Event "EU-ch U14 Girls 28th"]
[Site "Riga"]
[Date "2018.08.21"]
[Round "2"]
[White "Bardorz, Jana"]
[Black "Yedigaryan, Asya"]
[Result "0-1"]
[WhiteElo "1869"]
[BlackElo "1622"]
[PlyCount "112"]
[EventDate "2018.08.20"]
[EventType "swiss"]
[EventRounds "9"]
[EventCountry "LAT"]
[SourceTitle "CBM 186 Extra"]
[Source "ChessBase"]
[SourceDate "2018.08.24"]
[SourceVersion "1"]
[SourceVersionDate "2018.08.24"]
[SourceQuality "1"]

1. e4 c5 2. Nc3 Nc6 3. g3 g6 4. Bg2 Bg7 5. d3 Nh6 6. f4 d6 7. Nf3 f5 8. 0-0 0-0 9. h3 e5 10. Be3 Nf7 11. Rb1 Rb8 12. a4 a6 13. Nh4 exf4 14. Bf2 fxg3 15. Bxg3 f4 16. Bf2 Ng5 17. Kh2 Qd7 18. Rh1 f3 19. Bf1 Nxh3 20. Bg3 Be5 21. Qe1 Nd4 22. Bxe5 dxe5 23. Qg3 Nf4 24. Nd5 Qg4 25. Ne7+ Kf7 26. Nxc8 Qxg3+ 27. Kxg3 Rbxc8 28. Nxf3 Nxf3 29. Kxf3 Kg7 30. Ke3 Rf7 31. Bh3 Rcf8 32. Rh2 Nh5 33. Bg4 Nf6 34. Be6 Re7 35. Bh3 Nh5 36. Bg4 Nf4 37. Be2 Ne6 38. Rbh1 Kg8 39. c3 Nf4 40. Rg1 Kg7 41. Rgh1 h5 42. Rg1 Kh6 43. Rf1 Ref7 44. Rg1 Nxe2 45. Kxe2 g5 46. Rhg2 g4 47. Rh2 Kg5 48. Rgh1 Rh8 49. Rf2 Rxf2+ 50. Kxf2 h4 51. Kg2 Rf8 52. Rd1 h3+ 53. Kh2 Kh4 54. Rg1 Rf2+ 55. Kh1 g3 56. c4 Rh2# 0-1